Palestina / (Record no. 109653)

MARC details
000 -LEADER
campo de control de longitud fija 00632nam a2200205 4500
001 - NÚMERO DE CONTROL
campo de control 109653
003 - IDENTIFICADOR DE NÚMERO DE CONTROL
campo de control ES-MaACL
005 - FECHA Y HORA DE LA ÚLTIMA TRANSACCIÓN
campo de control 20230906184901.0
007 - CAMPO FIJO DE DESCRIPCIÓN FÍSICA--INFORMACIÓN GENERAL
campo de control de longitud fija t|
008 - DATOS DE LONGITUD FIJA--INFORMACIÓN GENERAL
campo de control de longitud fija 061121s1952 sp r ||||1| spa d
100 1# - ENTRADA PRINCIPAL--NOMBRE DE PERSONA
Nombre de persona Omaechevarría, Ignacio.
9 (RLIN) 87029
245 10 - MENCIÓN DEL TÍTULO
Título Palestina /
Mención de responsabilidad, etc. por el Padre Ignacio Omaechevarría ; prólogo del Rvdo. P. Legisima.
260 ## - PUBLICACIÓN, DISTRIBUCIÓN, ETC.
Lugar de publicación, distribución, etc. Madrid :
Nombre del editor, distribuidor, etc. Prensa Española,
Fecha de publicación, distribución, etc. 1952.
300 ## - DESCRIPCIÓN FÍSICA
Extensión 116 p. :
Otras características físicas il ;
Dimensiones 19 cm.
490 1# - MENCIÓN DE SERIE
Mención de serie Colección A.B.C.
700 1# - ENTRADA AGREGADA--NOMBRE PERSONAL
Nombre de persona Legísima, Juan R. de.
9 (RLIN) 71282
830 0# - PUNTO DE ACCESO ADICIONAL DE SERIE-TÍTULO UNIFORME
Título uniforme Colección A.B.C.
9 (RLIN) 232987
852 ## - LOCALIZACIÓN
Ubicación ES-MaACL
Número de control de estantería D-7896
Sublocalización o colección R.31897
Holdings
Estatus retirado Estado de pérdida Estado de daño No para préstamo Biblioteca de origen Biblioteca actual Ubicación en estantería Fecha de adquisición Fuente de adquisición Total de préstamos Signatura topográfica completa Código de barras Visto por última vez Precio de reemplazo Tipo de ítem Koha
        Biblioteca del Ateneo de Madrid Biblioteca del Ateneo de Madrid Sala Valle Inclán 17/01/2008     D-7896 901114411 23/02/2023 23/02/2023 Libro impreso